The intellectual life (Record no. 96465)
[ view plain ]
| 000 -LEADER | |
|---|---|
| fixed length control field | 00499nam a2200205Ia 4500 |
| 003 - CONTROL NUMBER IDENTIFIER | |
| control field | 0100 |
| 008 - FIXED-LENGTH DATA ELEMENTS--GENERAL INFORMATION | |
| fixed length control field | 130307s9999 xx 000 0 und d |
| 040 ## - CATALOGING SOURCE | |
| Transcribing agency | ARRUPELIB |
| 050 ## - LIBRARY OF CONGRESS CALL NUMBER | |
| Classification number | LC31.H3 1980 |
| 300 ## - PHYSICAL DESCRIPTION | |
| Other physical details | 466p. 22 cm. |
| 100 ## - MAIN ENTRY--PERSONAL NAME | |
| Personal name | Hamerton, Philip Gilbert |
| 245 #4 - TITLE STATEMENT | |
| Title | The intellectual life |
| 260 ## - PUBLICATION, DISTRIBUTION, ETC. (IMPRINT) | |
| Place of publication, distribution, etc | Rutland |
| 260 ## - PUBLICATION, DISTRIBUTION, ETC. (IMPRINT) | |
| Name of publisher, distributor, etc | Charles E. Tuttle Company |
| 260 ## - PUBLICATION, DISTRIBUTION, ETC. (IMPRINT) | |
| Date of publication, distribution, etc | 1980 |
| 300 ## - PHYSICAL DESCRIPTION | |
| Extent | xvii |
| 650 ## - SUBJECT ADDED ENTRY--TOPICAL TERM | |
| Topical term following geographic name as entry element | Catholic Church--Doctrines |
| 650 ## - SUBJECT ADDED ENTRY--TOPICAL TERM | |
| Location of event | Catholic Church--Sermons |
| 942 00 - ADDED ENTRY ELEMENTS (KOHA) | |
| Koha issues (borrowed), all copies | 3 |
| Withdrawn status | Lost status | Source of classification or shelving scheme | Damaged status | Not for loan | Collection code | Home library | Current library | Shelving location | Date acquired | Total Checkouts | Full call number | Barcode | Date last seen | Date checked out | Copy number | Price effective from | Koha item type |
|---|---|---|---|---|---|---|---|---|---|---|---|---|---|---|---|---|---|
| Library of Congress Classification | Main Collection | ARRUPE LIBRARY | ARRUPE LIBRARY | 07/03/2013 | 3 | LC31.H3 1980 | 46003075589 | 28/06/2018 | 17/02/2014 | 1 | 07/03/2013 | Monograph ( Printed materials) |